La historia de los prejuicios en América (Registro nro. 101032)

Detalles MARC
000 -LEADER
campo de control de longitud fija 01748nam a2200457 i 4500
001 - NÚMERO DE CONTROL
campo de control MOR01000101359
003 - IDENTIFICADOR DE NÚMERO DE CONTROL
campo de control $$amxdfmo
005 - FECHA Y HORA DE LA ÚLTIMA TRANSACCIÓN
campo de control 20260331230539.0
008 - DATOS DE LONGITUD FIJA--INFORMACIÓN GENERAL
campo de control de longitud fija 151006s2007 dfm g bi 000 0 spa d
020 ## - NÚMERO INTERNACIONAL ESTÁNDAR DEL LIBRO
Número Internacional Estándar del Libro 9700770370
035 ## - NÚMERO DE CONTROL DEL SISTEMA
Número de control de sistema 152226
040 ## - FUENTE DE CATALOGACIÓN
Centro catalogador/agencia de origen mxcmmo
Lengua de catalogación spa
Centro/agencia transcriptor mxcmmo
Normas de descripción rda
041 0# - CÓDIGO DE IDIOMA
Código de lengua del texto/banda sonora o título independiente spa
043 ## - CÓDIGO DE ÁREA GEOGRÁFICA
Código de área geográfica t2t5
045 ## - PERIODO DE TIEMPO DEL CONTENIDO
Código de periodo de tiempo n-mx---
082 04 - NÚMERO DE LA CLASIFICACIÓN DECIMAL DEWEY
Número de clasificación 972.03
Número de ítem MAR.h
100 1# - ENTRADA PRINCIPAL--NOMBRE DE PERSONA
Nombre de persona Marroquín Arredondo, Jaime
Término indicativo de función/relación autor
9 (RLIN) 177507
245 13 - MENCIÓN DEL TÍTULO
Título La historia de los prejuicios en América
Resto del título : la conquista/
Mención de responsabilidad, etc. Jaime Marroquín Arredondo
250 ## - MENCION DE EDICION
Mención de edición Primera edición
264 #1 - PRODUCCIÓN, PUBLICACIÓN, DISTRIBUCIÓN, FABRICACIÓN Y COPYRIGHT
Producción, publicación, distribución, fabricación y copyright México:
Nombre del de productor, editor, distribuidor, fabricante Porrúa,
Fecha de producción, publicación, distribución, fabricación o copyright 2007
300 ## - DESCRIPCIÓN FÍSICA
Extensión xvi, 125 páginas;
Dimensiones 21 cm
336 ## - TIPO DE CONTENIDO
Término de tipo de contenido texto
Código de tipo de contenido txt
Fuente rdacontent
337 ## - TIPO DE MEDIO
Nombre/término del tipo de medio sin medio
Código del tipo de medio n
Fuente rdamedia
338 ## - TIPO DE SOPORTE
Nombre/término del tipo de soporte volumen
Código del tipo de soporte nc
Fuente rdacarrier
504 ## - NOTA DE BIBLIOGRAFÍA, ETC.
Nota de bibliografía, etc. Nota Incluye referencias bibliográficas (páginas 119-123)
561 0# - PROPIEDAD E HISTORIA DE CUSTODIA/NOTA DE PROCEDENCIA
Historial Fondo Gabriel Vargas
651 #7 - PUNTO DE ACCESO ADICIONAL DE MATERIA--NOMBRE GEOGRÁFICO
Nombre geográfico Europa
Subdivisión general Civilización
-- Influencias americanas
-- Opinión pública
9 (RLIN) 179496
651 #7 - PUNTO DE ACCESO ADICIONAL DE MATERIA--NOMBRE GEOGRÁFICO
Nombre geográfico México
Subdivisión general Civilización
-- Influencias europeas
-- Opinión pública extranjera
9 (RLIN) 179497
651 #7 - PUNTO DE ACCESO ADICIONAL DE MATERIA--NOMBRE GEOGRÁFICO
Nombre geográfico México
Subdivisión general Historia
Subdivisión cronológica Descubrimiento y conquista, 1517-1521
Subdivisión general Opinión pública extranjera
-- Fuentes
9 (RLIN) 179498
651 #7 - PUNTO DE ACCESO ADICIONAL DE MATERIA--NOMBRE GEOGRÁFICO
Nombre geográfico México
Subdivisión general Historia
Subdivisión cronológica Descubrimiento y conquista, 1517-1521
Subdivisión general Opinión pública extranjera
-- Historiografía
9 (RLIN) 179499
900 ## - ELEMENTOS DE DATOS A LOCAL, LDA (RLIN)
Nombre de persona BERENICE
Numeración 30
Títulos y otros términos asociados al nombre 20160108
Lenguaje de la obra MOR01
-- 1229
900 ## - ELEMENTOS DE DATOS A LOCAL, LDA (RLIN)
Nombre de persona KLASY
Numeración 30
Títulos y otros términos asociados al nombre 20160127
Lenguaje de la obra MOR01
-- 1458
900 ## - ELEMENTOS DE DATOS A LOCAL, LDA (RLIN)
Nombre de persona LUIS
Numeración 02
Títulos y otros términos asociados al nombre 20151006
Lenguaje de la obra MOR01
-- 1313
900 ## - ELEMENTOS DE DATOS A LOCAL, LDA (RLIN)
Nombre de persona LUIS
Numeración 02
Títulos y otros términos asociados al nombre 20151006
Lenguaje de la obra MOR01
-- 1313
900 ## - ELEMENTOS DE DATOS A LOCAL, LDA (RLIN)
Nombre de persona TOMAS
Numeración 30
Títulos y otros términos asociados al nombre 20160125
Lenguaje de la obra MOR01
-- 1146
900 ## - ELEMENTOS DE DATOS A LOCAL, LDA (RLIN)
Nombre de persona TOMAS
Numeración 30
Títulos y otros términos asociados al nombre 20160126
Lenguaje de la obra MOR01
-- 1218
900 ## - ELEMENTOS DE DATOS A LOCAL, LDA (RLIN)
Nombre de persona TOMAS
Numeración 30
Títulos y otros términos asociados al nombre 20160127
Lenguaje de la obra MOR01
-- 1049
900 ## - ELEMENTOS DE DATOS A LOCAL, LDA (RLIN)
Nombre de persona VOBO
Numeración 40
Títulos y otros términos asociados al nombre 20160314
Lenguaje de la obra MOR01
-- 1246
904 ## - ELEMENTOS DE DATOS D LOCAL, LDD (RLIN)
a UPDATE
942 ## - ELEMENTOS DE ENTRADA SECUNDARIOS (KOHA)
Código de la institución [OBSOLETO] BK
901 ## - ELEMENTOS DE DATOS A LOCAL LDA (RLIN)
a batch batch
Existencias
Estatus retirado Estado de pérdida Fuente del sistema de clasificación o colocación Estado de daño No para préstamo Colección Biblioteca de origen Biblioteca actual Ubicación en estantería Fecha de adquisición Fuente de adquisición Número de inventario Total de préstamos Signatura topográfica completa Código de barras Visto por última vez Precio de reemplazo Tipo de ítem Koha
    Clasificación Decimal Dewey     Fondo Gabriel Vargas Biblioteca Nicolas Poussin Biblioteca Nicolas Poussin Regular 08/01/2016   128269   (GV)/972.03 MAR.h 33068001341625 03/09/2024 03/09/2024 Libro préstamo regular